|
|
|
|
| LEADER |
01528nam a2200409 a 4500 |
| 001 |
EBC3020127 |
| 003 |
MiAaPQ |
| 005 |
20200520144314.0 |
| 006 |
m o d | |
| 007 |
cr cn||||||||| |
| 008 |
090316s2009 nyua sb 001 0 eng d |
| 010 |
|
|
|z 2009007876
|
| 020 |
|
|
|z 9781604568264 (hardcover)
|
| 020 |
|
|
|a 9781617282010 (electronic bk.)
|
| 035 |
|
|
|a (MiAaPQ)EBC3020127
|
| 035 |
|
|
|a (Au-PeEL)EBL3020127
|
| 035 |
|
|
|a (CaPaEBR)ebr10675135
|
| 035 |
|
|
|a (OCoLC)923662784
|
| 040 |
|
|
|a MiAaPQ
|c MiAaPQ
|d MiAaPQ
|
| 050 |
|
4 |
|a TS175
|b .C67 2009
|
| 082 |
0 |
4 |
|a 363.19
|2 22
|
| 245 |
0 |
0 |
|a Consumer product safety issues
|h [electronic resource] /
|c Peter A. Varga and Mate D. Pinter, editors.
|
| 260 |
|
|
|a Hauppauge, N.Y. :
|b Nova Science Publishers,
|c c2009.
|
| 300 |
|
|
|a xiii, 307 p. :
|b ill.
|
| 490 |
1 |
|
|a Safety and risk in society series
|
| 504 |
|
|
|a Includes bibliographical references and index.
|
| 533 |
|
|
|a Electronic reproduction. Ann Arbor, MI : ProQuest, 2015. Available via World Wide Web. Access may be limited to ProQuest affiliated libraries.
|
| 650 |
|
0 |
|a Product safety.
|
| 650 |
|
0 |
|a Consumer protection.
|
| 650 |
|
0 |
|a Product safety
|x Law and legislation.
|
| 650 |
|
0 |
|a Consumer protection
|x Law and legislation.
|
| 655 |
|
4 |
|a Electronic books.
|
| 700 |
1 |
|
|a Varga, Peter A.
|
| 700 |
1 |
|
|a Pinter, Mate D.
|
| 710 |
2 |
|
|a ProQuest (Firm)
|
| 830 |
|
0 |
|a Safety and risk in society series.
|
| 856 |
4 |
0 |
|u https://ebookcentral.proquest.com/lib/matrademy/detail.action?docID=3020127
|z Click to View
|